|
|
|
|
| LEADER |
01379nam a22003137a 4500 |
| 001 |
33888 |
| 003 |
BD-DhAAL |
| 005 |
20211124120709.0 |
| 008 |
181022t2008 bg a|||| |||| 00| 0 eng d |
| 999 |
|
|
|c 40110
|d 40110
|
| 020 |
|
|
|a 9847022000066
|
| 040 |
|
|
|a BD-DhAAL
|
| 041 |
|
|
|a ENG
|h BEN
|
| 082 |
|
|
|2 23
|a 891.4430108
|
| 100 |
|
|
|a Zaman, Shahaduz
|9 28573
|
| 245 |
|
|
|a Ibrahim Buksh's circus and other stories /
|c Shahaduz Zaman; translated by Sonia Amin
|
| 260 |
|
|
|a Dhaka :
|b University Press,
|c 2008.
|
| 300 |
|
|
|a 95 pages :
|b illustrations ;
|c 22 cm.
|
| 500 |
|
|
|a Short stories.
|
| 526 |
|
|
|a ENH
|
| 541 |
|
|
|a Development Book Agency
|e 33888, 33889
|
| 600 |
|
|
|a Zaman, Shahaduz,
|d 1962-
|x Translations into English.
|9 28574
|
| 650 |
|
|
|a Short stories, Bengali
|x Translations into English
|z Bangladesh.
|9 28584
|
| 650 |
|
|
|a English language
|9 43044
|
| 700 |
|
|
|a Amin, Sonia
|9 28575
|
| 852 |
|
|
|a Ayesha Abed Library
|c General Stacks
|
| 942 |
|
|
|2 ddc
|c BK
|
| 952 |
|
|
|0 0
|1 0
|2 ddc
|4 0
|6 891_443010800000000_ZAM
|7 0
|9 64502
|a BRACUL
|b BRACUL
|c GEN
|d 2018-10-16
|e Development Book Agency
|g 247.00
|l 1
|o 891.4430108 ZAM
|p 3010033888
|r 2022-03-07
|s 2021-08-29
|t 1
|v 247.00
|w 2018-10-16
|y BK
|
| 952 |
|
|
|0 0
|1 0
|2 ddc
|4 0
|6 891_443010800000000_ZAM
|7 0
|9 64503
|a BRACUL
|b BRACUL
|c GEN
|d 2018-10-16
|e Development Book Agency
|g 247.00
|l 1
|m 3
|o 891.4430108 ZAM
|p 3010033889
|r 2019-02-11
|s 2019-01-21
|t 2
|v 247.00
|w 2018-10-16
|y BK
|